000 00711nam a2200229Ia 4500
005 20250508164129.0
008 008 250505s9999 xx 000 0 eng d
020 _a0-7619-8874-2
037 _aReference
040 _aFEDL
_beng
_cFEDL
041 _aeng
_2eng
084 _a371.95, VAN
_qFEDL
100 _aVan Tassel-Baska Joyce Ed.
_9777404
245 0 _aCurriculum for gifted and talented students
260 _aThousand Oaks, USA
_bCorwin Press
_c2004
300 _axxxiii,174p.
365 _aUSD
_b29.95
490 _aEssential Readings in Gifted Education No.4
650 _aGifted children; Curriculum planning
_9777405
942 _cREF
_h371.95, VAN
999 _c1387222
_d1387222